[Event "AZE-ch (Women)"]
[Site "Baku"]
[Date "2024.02.17"]
[Round "7"]
[White "Aghaverdiyeva, Maryam"]
[Black "Valiyeva, Asnad"]
[Result "1-0"]
[WhiteElo "1596"]
[BlackElo "1614"]
[PlyCount "55"]
[EventDate "2024.02.11"]
[EventType "swiss"]
[EventRounds "7"]
[EventCountry "AZE"]
[SourceTitle "CB09_2024"]
[SourceDate "2024.02.28"]
[SourceVersion "1"]
[SourceVersionDate "2024.02.28"]
[SourceQuality "1"]

1. e4 c6 2. c4 d5 3. exd5 cxd5 4. cxd5 Nf6 5. Nc3 Nbd7 6. Qb3 g6 7. Bc4 Nb6 8. d3 Bg7 9. Nge2 0-0 10. 0-0 Nbd7 11. Be3 b6 12. Nd4 Ne5 13. Bf4 Nfd7 14. Nc6 Nxc6 15. dxc6 Nc5 16. Qa3 Bf5 17. Rad1 Ne6 18. Bxe6 Bxe6 19. Rfe1 Re8 20. d4 a6 21. d5 Bf5 22. Na4 Bf8 23. c7 Qd7 24. Nxb6 Qb5 25. Nxa8 Rxa8 26. Qb3 Qe8 27. d6 Be6 28. Rxe6 1-0

[Event "AZE-ch (Women)"]
[Site "Baku"]
[Date "2024.02.15"]
[Round "5"]
[White "Abdulla, Khayala Mardan Qizi"]
[Black "Aghaverdiyeva, Maryam"]
[Result "1/2-1/2"]
[WhiteElo "2241"]
[BlackElo "1596"]
[PlyCount "99"]
[EventDate "2024.02.11"]
[EventType "swiss"]
[EventRounds "7"]
[EventCountry "AZE"]
[SourceTitle "CB09_2024"]
[SourceDate "2024.02.28"]
[SourceVersion "1"]
[SourceVersionDate "2024.02.28"]
[SourceQuality "1"]

1. d4 d5 2. Nf3 c5 3. dxc5 e6 4. e4 Bxc5 5. Bb5+ Nc6 6. exd5 exd5 7. 0-0 Nge7 8. Nbd2 0-0 9. Nb3 Bb6 10. Bf4 a6 11. Bd3 Bf5 12. c3 Qd7 13. Re1 Rad8 14. Be3 Bxe3 15. Rxe3 Bg6 16. Nbd4 Nf5 17. Bxf5 Bxf5 18. Ne5 Nxe5 19. Rxe5 Be4 20. Qb3 Qd6 21. Rg5 h6 22. Rg3 Rfe8 23. Re1 Bg6 24. Rge3 Re4 25. R1e2 b5 26. Qd1 Rde8 27. Nc2 Qc5 28. Rd2 Qc4 29. b3 Qc7 30. Qa1 Rc8 31. Nb4 Rxe3 32. Nxd5 Qe5 33. Nxe3 Qxc3 34. Qxc3 Rxc3 35. h4 Rc1+ 36. Kh2 Ra1 37. Nd5 Be4 38. Nc3 Bb7 39. Rd8+ Kh7 40. Rd7 Rc1 41. Ne2 Rc2 42. Ng3 Bc8 43. Rxf7 Rxa2 44. h5 Be6 45. Re7 Bxb3 46. Ne4 Kg8 47. Re8+ Kh7 48. Re7 Kg8 49. Re8+ Kh7 50. Re7 1/2-1/2

[Event "AZE-ch (Women)"]
[Site "Baku"]
[Date "2024.02.12"]
[Round "2"]
[White "Aghaverdiyeva, Maryam"]
[Black "Abdinova, Narmin"]
[Result "1/2-1/2"]
[WhiteElo "1596"]
[BlackElo "2061"]
[PlyCount "79"]
[EventDate "2024.02.11"]
[EventType "swiss"]
[EventRounds "7"]
[EventCountry "AZE"]
[SourceTitle "CB09_2024"]
[SourceDate "2024.02.28"]
[SourceVersion "1"]
[SourceVersionDate "2024.02.28"]
[SourceQuality "1"]

1. e4 e5 2. Nf3 Nc6 3. Bb5 a6 4. Ba4 Nf6 5. d3 b5 6. Bb3 Be7 7. 0-0 0-0 8. Re1 d5 9. exd5 Nxd5 10. Nxe5 Nxe5 11. Rxe5 c6 12. Nd2 Bd6 13. Re1 Re8 14. Rxe8+ Qxe8 15. Ne4 Be5 16. Qf3 Qe7 17. c3 a5 18. d4 Bd6 19. Bg5 Qc7 20. Nxd6 Qxd6 21. Bxd5 cxd5 22. Re1 Be6 23. Bf4 Qd7 24. Qg3 f6 25. h4 Re8 26. h5 Kf7 27. h6 g6 28. Bc7 a4 29. Bd6 Rd8 30. Bc5 Re8 31. Qh4 Bf5 32. Rxe8 Qxe8 33. Qf4 Bd7 34. Qd6 Bc6 35. Qc7+ Qd7 36. Qb8 Qe8 37. Qc7+ Qd7 38. Qb8 Qe8 39. Qc7+ Qd7 40. Qb8 1/2-1/2